| 000 | 01313nam0a22002891 4500 | ||
|---|---|---|---|
| 001 | GAK\3366100 | ||
| 005 | 20250806201238.0 | ||
| 035 | _a(NLR Aleph) 010506476 | ||
| 090 |
_a64964 _c64964 |
||
| 100 | _a20140829d1943 k y0rusy50 ca | ||
| 101 | 0 | _arus | |
| 102 | _aRU | ||
| 105 | _aa z ||||| | ||
| 200 | 1 |
_aОпределение баллистических характеристик пороха и давления форсирования _fБ.Н. Окунев |
|
| 210 |
_aМосква _aЛенинград _cОгиз - Гостехиздат _d1943 _eнапеч. в Москве |
||
| 215 |
_a91 с. _cил., табл. _d20 |
||
| 300 | _aНа шмуцтит.: Настоящий труд, написанный в Ленинграде зимой 1941-42 г., автор посвящает Ленинграду и ленинградцам | ||
| 606 | 1 |
_aПорох _xБаллистические характеристики _2nlr_sh2 _3RU\NLR\AUTH\66200283 |
|
| 686 | 0 |
_aЦ902.1-1 _2rubbk |
|
| 700 | 1 |
_aОкунев _bБ. Н. _f1897-1961 _gБорис Николаевич |
|
| 801 | 0 |
_aRU _bNLR _c20140829 _gpsbo |
|
| 801 | 1 |
_aRU _bNLR _c20140829 _2rusmarc |
|
| 852 |
_aNLR _jВ60 Г-40/198 |
||
| 942 | _cBOOK | ||
| 945 | _aРоссийская национальная библиотека | ||
| 980 | _aNB | ||
| 980 | _aBV | ||